| 000 | 00962nam0a22002651 4500 | ||
|---|---|---|---|
| 001 | rc\2769134 | ||
| 005 | 20250806204132.0 | ||
| 035 | _a(NLR Aleph) 006895536 | ||
| 090 |
_a25632 _c25632 |
||
| 100 | _a20110915d1941 u y0rusy50 ca | ||
| 101 | 0 | _arus | |
| 102 | _aRU | ||
| 105 | _aa z |||a| | ||
| 200 | 1 |
_aПодснежник _eСтихи _eДля детей мл. и сред. возраста _f[Ил. А. Е. Глуховцев] |
|
| 210 |
_aРостов-на-Дону _cРостиздат _d1941 |
||
| 215 |
_a52 с. _cил. _d20 см. |
||
| 700 | 1 |
_aЖак _bВ.К. _gВениамин Константинович |
|
| 702 | 1 |
_aГлуховцев _bА. Е. _f1910-1998 _gАлександр Ерофеевич _3RU\NLR\AUTH\770193360 _4440 |
|
| 801 | 0 |
_aRU _bNLR _gpsbo |
|
| 801 | 1 |
_aRU _bELAR _2rusmarc |
|
| 852 |
_aNLR _jДл02 Г-3/143 |
||
| 942 | _cBOOK | ||
| 945 | _aРоссийская национальная библиотека | ||
| 980 | _aNB | ||
| 980 | _aBV | ||